One Piece swordsmen - Statistics

General Stats
  • This quiz has been taken 66 times
  • The average score is 16 of 55
Answer Stats
Answer % Correct
Roronoa Zoro
98%
Dracule Mihawk
96%
Figarland Shanks
83%
Gol D. Roger
67%
Brook
58%
Tashigi
58%
Kozuki Oden
56%
Shimotsuki Ryuma
54%
Silvers Rayleigh
52%
Kin'emon
50%
Vista
48%
Trafalgar D. Water Law
46%
King
44%
Kuina
44%
Kaku
35%
Shiryu
35%
Denjiro
33%
Hatchan
33%
Ashura doji
31%
Davy D. Xebec
31%
Figarland Shamrock
31%
Fujitora
31%
Kawamatsu
29%
Kikunojo
29%
Saint Figarland Garling
27%
Dorry
25%
Saint Ethanbaron V. Nusjuro
25%
Brogy
23%
Charlotte cracker
23%
Dogstorm
23%
Cat viper
21%
Diamante
19%
Momonga
19%
X Drake
19%
Arlong
17%
Basil Hawkins
17%
Cavendish
17%
Charlotte smoothie
17%
Kyros
17%
Hyouzou
15%
Johnny
13%
Sasaki
13%
Shiki
13%
Yosaku
13%
Harald
12%
Pedro
12%
Charlotte amande
10%
Bogard
8%
Charlotte hachi
8%
Hyougoro
8%
Pell
8%
Onigumo
6%
Streusen
6%
Jarul
4%
Shimotsuki Ushimaru
4%
No matching quizzes found
Score Distribution
Percent of People with Each Score
Percentile by Number Answered
Your Score History
You have not taken this quiz